000 00302nam a2200121Ia 4500
008 191201s2011 xx 000 0 und d
100 _aPANDEY, P C
245 0 _aProduction Engineering and Science
250 _aRep
260 _c2011
_bStandard Publishere
_aNEW DELHI
300 _a718
942 _2ddc
_cBK
999 _c8014
_d8014